=LDR 00000nam 2200000 4500 =001 INLIS000000000048542 =005 20200219092210 =035 ##$$a 0010-111600000000121 =008 200219################g##########0#ind## =040 ##$$a NBPDMAT =082 ##$$a 155.413 =090 ##$$a 155.413 $bAgu p =100 ##$$a Agus Wobowo =245 1#$$a Pendidikan karakter usia dini : $b Strategi membangun karakter di usia emas /$c Agus Wibowo, M.Pd. =250 ##$$a Cet. 2 =260 ##$$a Yogyakarta :$b Pustaka Pelajar,$c 2013 =300 ##$$a x, 149 hlm. ; $c 14x21 cm. =500 ##$$a Bibliografi : hlm 141 - 145 =500 ##$$a Biografi : hlm 147 - 149 =650 #4$$a Psikologi anak - Pendidikan =850 ##$$a NBPDMAT =020 ##$$a 978-602-229-069-8 =084 ##$$a 155.413 AGU p =990 ##$$a 51600159 =990 ##$$a 51600159